[Event "Titled Tuesday intern op 14th Nov Early"]
[Site "Chess.com INT"]
[Date "2023.11.14"]
[Round "8"]
[White "Dudzinski, Pawel"]
[Black "Kraus, Tomas"]
[Result "1-0"]
[WhiteElo "2187"]
[BlackElo "2481"]
[PlyCount "105"]
[EventDate "2023.11.14"]
[EventType "swiss (blitz)"]
[EventRounds "11"]
[EventCountry "USA"]
[SourceTitle "CB47_2023"]
[SourceDate "2023.11.22"]
[SourceVersion "1"]
[SourceVersionDate "2023.11.22"]
[SourceQuality "1"]

1. e4 e6 2. d4 d5 3. Nd2 Nf6 4. Bd3 c5 5. exd5 exd5 6. Ngf3 Nc6 7. 0-0 cxd4 8. Re1+ Be7 9. Nb3 0-0 10. Nfxd4 Bg4 11. Be2 Bxe2 12. Rxe2 Re8 13. Bg5 Rc8 14. Nf5 Ne4 15. Nxe7+ Nxe7 16. Bxe7 Rxe7 17. f3 Nf6 18. c3 Qb6+ 19. Nd4 Rce8 20. Rxe7 Rxe7 21. Qd2 h6 22. Kf2 Ne8 23. Re1 Rxe1 24. Kxe1 Nd6 25. b3 Nb5 26. Ne2 Qc5 27. a4 Nc7 28. Qd4 b6 29. Kd2 Ne6 30. Qxc5 bxc5 31. f4 Kf8 32. f5 Nc7 33. Ke3 Ke7 34. Kf4 a5 35. g4 f6 36. Ke3 Na8 37. Nf4 Nb6 38. Nh5 Kf7 39. Kd2 Nd7 40. Nf4 Nb6 41. Kd3 c4+ 42. Kc2 Ke7 43. Ne6 Kf7 44. Nd8+ Ke8 45. Nb7 cxb3+ 46. Kxb3 Nc4 47. Nc5 h5 48. gxh5 Ne3 49. Nb7 Nxf5 50. Nxa5 Nd6 51. Nc6 f5 52. a5 f4 53. Nd4 1-0

[Event "Titled Tuesday intern op 12th Sep Late"]
[Site "Chess.com INT"]
[Date "2023.09.12"]
[Round "3"]
[White "Djokic, Mihailo"]
[Black "Dudzinski, Pawel"]
[Result "1-0"]
[WhiteElo "2148"]
[BlackElo "2186"]
[PlyCount "115"]
[EventDate "2023.09.12"]
[EventType "swiss (blitz)"]
[EventRounds "11"]
[EventCountry "USA"]
[SourceTitle "EXT 2024"]
[Source "ChessBase"]
[SourceDate "2023.10.10"]
[SourceVersion "1"]
[SourceVersionDate "2023.10.10"]
[SourceQuality "1"]

1. e4 c6 2. d4 d5 3. e5 c5 4. dxc5 e6 5. Nf3 Nd7 6. Bd3 Nxc5 7. 0-0 Nxd3 8. Qxd3 Ne7 9. c4 dxc4 10. Qxc4 Nd5 11. Rd1 Bd7 12. Qb3 Bc6 13. Nd4 Bc5 14. Nc3 Qb6 15. Be3 Qxb3 16. Nxb3 Bxe3 17. fxe3 Nxe3 18. Rd2 Nc4 19. Re2 0-0-0 20. Rc1 Kb8 21. h3 Rc8 22. Nd4 Rhd8 23. Nxc6+ Rxc6 24. Rf1 Rd7 25. Ne4 Nxe5 26. Ng5 f6 27. Nxh7 Rc8 28. Nf8 Rxf8 29. Rxe5 Rd6 30. h4 Rh8 31. Re4 Rc8 32. Rf2 Rc1+ 33. Kh2 Rcd1 34. Rfe2 e5 35. Rg4 Rd7 36. h5 Ra1 37. a3 Rad1 38. Kg3 R1d3+ 39. Kh2 a6 40. Rf2 R3d6 41. Kg3 Rd3+ 42. Kh4 R3d4 43. Rf3 Rxg4+ 44. Kxg4 Rd4+ 45. Kf5 Rh4 46. g4 Kc7 47. Rg3 Kd6 48. Kg6 e4 49. Kxg7 Ke5 50. h6 Kf4 51. Rg1 e3 52. h7 e2 53. h8Q Rxh8 54. Kxh8 f5 55. gxf5 Kxf5 56. Re1 Ke4 57. Rxe2+ Kd3 58. Rh2 1-0

[Event "Titled Tuesday intern op 12th Sep Late"]
[Site "Chess.com INT"]
[Date "2023.09.12"]
[Round "4"]
[White "Dudzinski, Pawel"]
[Black "Diaz, Fernando"]
[Result "1-0"]
[WhiteElo "2186"]
[BlackElo "2107"]
[PlyCount "103"]
[EventDate "2023.09.12"]
[EventType "swiss (blitz)"]
[EventRounds "11"]
[EventCountry "USA"]
[SourceTitle "EXT 2024"]
[Source "ChessBase"]
[SourceDate "2023.10.10"]
[SourceVersion "1"]
[SourceVersionDate "2023.10.10"]
[SourceQuality "1"]

1. e4 e6 2. d4 d5 3. Nd2 Nf6 4. Bd3 Be7 5. Ngf3 a6 6. c4 c5 7. e5 Nfd7 8. cxd5 exd5 9. 0-0 cxd4 10. Nb3 Nc6 11. Re1 Qb6 12. Bf5 0-0 13. Bxd7 Bxd7 14. Nfxd4 Nxd4 15. Qxd4 Qxd4 16. Nxd4 Rac8 17. Be3 Rfe8 18. Rac1 Bb4 19. Rxc8 Rxc8 20. Rd1 Ba4 21. b3 Bd7 22. f4 g6 23. Kf2 Bc5 24. Nf3 Bb4 25. Rxd5 Be6 26. Rd4 Rc2+ 27. Kg3 Be7 28. Rd2 Rc3 29. Kf2 h5 30. Bd4 Rc1 31. Be3 Rc3 32. Nd4 Bd5 33. Ne2 Rxe3 34. Kxe3 Bc5+ 35. Nd4 Kf8 36. Kd3 Ke7 37. Rc2 b6 38. b4 Bxb4 39. Nc6+ Bxc6 40. Rxc6 Bc5 41. Rc7+ Ke6 42. Ke4 a5 43. g3 Bg1 44. h3 Bf2 45. g4 hxg4 46. hxg4 f5+ 47. exf6 Kxf6 48. a4 Bc5 49. Rc6+ Kf7 50. Rxc5 bxc5 51. Kd5 g5 52. f5 1-0

[Event "Titled Tuesday intern op 12th Sep Late"]
[Site "Chess.com INT"]
[Date "2023.09.12"]
[Round "11"]
[White "Dudzinski, Pawel"]
[Black "Sebenik, Matej"]
[Result "1-0"]
[WhiteElo "2186"]
[BlackElo "2523"]
[PlyCount "53"]
[EventDate "2023.09.12"]
[EventType "swiss (blitz)"]
[EventRounds "11"]
[EventCountry "USA"]
[SourceTitle "EXT 2024"]
[Source "ChessBase"]
[SourceDate "2023.10.10"]
[SourceVersion "1"]
[SourceVersionDate "2023.10.10"]
[SourceQuality "1"]

1. e4 e5 2. Nf3 Nc6 3. d4 exd4 4. Nxd4 Nf6 5. Nxc6 bxc6 6. e5 Qe7 7. Qe2 Nd5 8. c4 Ba6 9. b3 g6 10. f4 d6 11. Bb2 Nxf4 12. Qf3 0-0-0 13. Qxf4 Bg7 14. Be2 dxe5 15. Qe3 c5 16. 0-0 f5 17. Nc3 e4 18. Nd5 Rxd5 19. Bxg7 Qxg7 20. cxd5 Bxe2 21. Qxe2 Qd4+ 22. Kh1 Re8 23. Rad1 Qc3 24. Qa6+ Kd8 25. d6 e3 26. dxc7+ Kxc7 27. Qxa7+ 1-0

[Event "Titled Tuesday intern op 12th Sep Late"]
[Site "Chess.com INT"]
[Date "2023.09.12"]
[Round "1"]
[White "Zhigalko, Sergei"]
[Black "Dudzinski, Pawel"]
[Result "1-0"]
[WhiteElo "2572"]
[BlackElo "2186"]
[PlyCount "43"]
[EventDate "2023.09.12"]
[EventType "swiss (blitz)"]
[EventRounds "11"]
[EventCountry "USA"]
[SourceTitle "EXT 2024"]
[Source "ChessBase"]
[SourceDate "2023.10.10"]
[SourceVersion "1"]
[SourceVersionDate "2023.10.10"]
[SourceQuality "1"]

1. e4 c6 2. d4 d5 3. e5 c5 4. Nf3 Nc6 5. dxc5 Bg4 6. c3 Bxf3 7. Qxf3 e6 8. Be3 Nxe5 9. Bb5+ Nc6 10. 0-0 Nge7 11. c4 dxc4 12. Nc3 Qa5 13. a3 a6 14. Bxc4 Nf5 15. b4 Qc7 16. Bf4 e5 17. Nd5 Qd8 18. Bxe5 Nxe5 19. Rfe1 Be7 20. Rxe5 0-0 21. Qxf5 Re8 22. Rae1 1-0

[Event "POL-chT 2nd League"]
[Site "Jastrzebia Gora"]
[Date "2023.09.06"]
[Round "5.10"]
[White "Dudzinski, Pawel"]
[Black "Wilk, Tomasz"]
[Result "1-0"]
[WhiteElo "2186"]
[BlackElo "1952"]
[PlyCount "67"]
[EventDate "2023.09.02"]
[EventType "team-swiss"]
[EventRounds "9"]
[EventCountry "POL"]
[SourceTitle "EXT 2024"]
[Source "ChessBase"]
[SourceDate "2023.10.10"]
[SourceVersion "1"]
[SourceVersionDate "2023.10.10"]
[SourceQuality "1"]
[WhiteTeam "Ostrow Wielkopolski"]
[BlackTeam "Krakow AGH"]
[WhiteTeamCountry "POL"]
[BlackTeamCountry "POL"]

1. e4 c6 2. b3 d5 3. exd5 cxd5 4. Nf3 Nf6 5. Bb2 Bg4 6. Be2 e6 7. h3 Bh5 8. Ne5 Bxe2 9. Qxe2 Nc6 10. 0-0 Bd6 11. d3 0-0 12. Nd2 Nxe5 13. Bxe5 Bxe5 14. Qxe5 Rc8 15. Qb2 b5 16. c4 dxc4 17. dxc4 Qd3 18. Rac1 Rfd8 19. Nf3 bxc4 20. Ne5 Qf5 21. Nxc4 h6 22. Nd6 Rxd6 23. Rxc8+ Kh7 24. Qc2 Rd3 25. Rc7 e5 26. Rxa7 e4 27. Rxf7 Qg6 28. Rxf6 Qxf6 29. Re1 Qd4 30. Qc4 Qd6 31. Qxe4+ Kh8 32. Qe6 Qb4 33. Qc8+ Kh7 34. Qf5+ 1-0

[Event "POL-chT 2nd League"]
[Site "Jastrzebia Gora"]
[Date "2023.09.03"]
[Round "2.52"]
[White "Dudzinski, Pawel"]
[Black "Pietrzak, Tomasz1111"]
[Result "1/2-1/2"]
[WhiteElo "2186"]
[BlackElo "1786"]
[PlyCount "46"]
[EventDate "2023.09.02"]
[EventType "team-swiss"]
[EventRounds "9"]
[EventCountry "POL"]
[SourceTitle "EXT 2024"]
[Source "ChessBase"]
[SourceDate "2023.10.10"]
[SourceVersion "1"]
[SourceVersionDate "2023.10.10"]
[SourceQuality "1"]
[WhiteTeam "Ostrow Wielkopolski"]
[BlackTeam "Myslenice MAT"]
[WhiteTeamCountry "POL"]
[BlackTeamCountry "POL"]

1. e4 c5 2. Nc3 Nc6 3. g3 g6 4. Bg2 Bg7 5. d3 d6 6. Be3 Rb8 7. Qd2 b5 8. f4 b4 9. Nd1 e6 10. Nf3 Nge7 11. d4 cxd4 12. Nxd4 0-0 13. 0-0 Ba6 14. Re1 Na5 15. b3 e5 16. fxe5 dxe5 17. Nf3 Qc7 18. a3 Rfd8 19. Qf2 Nec6 20. axb4 Nxb4 21. Bxa7 Rb7 22. Bc5 Nxc2 23. Qxc2 Bd3 1/2-1/2

[Event "Titled Tuesday intern op 22nd Aug Early"]
[Site "Chess.com INT"]
[Date "2023.08.22"]
[Round "1"]
[White "Dudzinski, Pawel"]
[Black "Kovalev, Vladislav"]
[Result "0-1"]
[WhiteElo "2186"]
[BlackElo "2582"]
[PlyCount "84"]
[EventDate "2023.08.22"]
[EventType "swiss (blitz)"]
[EventRounds "11"]
[EventCountry "USA"]
[SourceTitle "EXT 2024"]
[Source "ChessBase"]
[SourceDate "2023.10.10"]
[SourceVersion "1"]
[SourceVersionDate "2023.10.10"]
[SourceQuality "1"]

1. e4 e5 2. Nf3 Nc6 3. d4 exd4 4. Nxd4 Qf6 5. Nxc6 Bc5 6. Qf3 dxc6 7. Bc4 Be6 8. Nd2 Qxf3 9. gxf3 0-0-0 10. Bxe6+ fxe6 11. Rg1 g6 12. f4 Nf6 13. Ke2 Rhf8 14. Rg5 Bb6 15. Re5 Nh5 16. Nc4 Bd4 17. Rxe6 Ng7 18. Re7 Bf6 19. Rxg7 Bxg7 20. Be3 Rde8 21. f3 Bh6 22. a4 Bxf4 23. Bxa7 Rf5 24. Be3 Rf7 25. Rd1 Bxe3 26. Nxe3 Re5 27. b3 b6 28. Ng4 Rc5 29. Rd2 Rd7 30. Rxd7 Kxd7 31. Kd3 Ke7 32. e5 h5 33. Nf6 Rxe5 34. Ne4 Ke6 35. Ke3 Kf5 36. c4 c5 37. h4 Re7 38. Kf2 Rxe4 39. fxe4+ Kxe4 40. a5 bxa5 41. Ke2 Kf5 42. b4 axb4 0-1

[Event "Titled Tuesday intern op 13th Jun Late"]
[Site "Chess.com INT"]
[Date "2023.06.13"]
[Round "6"]
[White "Dudzinski, Pawel"]
[Black "Erdogmus, Yagiz Kaan"]
[Result "0-1"]
[WhiteElo "2186"]
[BlackElo "2475"]
[PlyCount "118"]
[EventDate "2023.06.13"]
[EventType "swiss (blitz)"]
[EventRounds "11"]
[EventCountry "USA"]
[SourceTitle "EXT 2024"]
[Source "ChessBase"]
[SourceDate "2023.10.10"]
[SourceVersion "1"]
[SourceVersionDate "2023.10.10"]
[SourceQuality "1"]

1. e4 e6 2. d4 d5 3. Nd2 c5 4. exd5 Qxd5 5. Ngf3 cxd4 6. Bc4 Qd7 7. Nb3 Nc6 8. Nbxd4 Nxd4 9. Qxd4 Qxd4 10. Nxd4 Bd7 11. Bb5 0-0-0 12. Bxd7+ Rxd7 13. Be3 Bc5 14. 0-0-0 Nf6 15. Nf5 Bxe3+ 16. Nxe3 Rhd8 17. Rxd7 Rxd7 18. Rd1 Kc7 19. Rxd7+ Nxd7 20. Kd2 Kd6 21. f4 b5 22. Kd3 Nc5+ 23. Kd4 f6 24. c4 b4 25. Nc2 a5 26. b3 h6 27. g3 g5 28. fxg5 hxg5 29. h4 gxh4 30. gxh4 f5 31. Ke3 Ke5 32. Kf3 Kf6 33. Nd4 e5 34. Nc6 e4+ 35. Ke3 a4 36. Nxb4 axb3 37. axb3 Nxb3 38. Kf4 Nc5 39. Nd5+ Ke6 40. Ne3 Nd3+ 41. Kg5 f4 42. Ng4 e3 43. Nh2 Ke5 44. h5 e2 45. h6 Ke4 46. h7 Ne5 47. Kf6 Ng4+ 48. Nxg4 e1Q 49. Kg7 Qa1+ 50. Nf6+ Kf5 51. h8Q Qxf6+ 52. Kg8 Qxh8+ 53. Kxh8 f3 54. c5 f2 55. c6 f1Q 56. c7 Qc4 57. c8Q+ Qxc8+ 58. Kg7 Qd7+ 59. Kh8 Kg6 0-1

[Event "Titled Tuesday intern op 13th Jun Early"]
[Site "Chess.com INT"]
[Date "2023.06.13"]
[Round "1"]
[White "Dudzinski, Pawel"]
[Black "Perez Ponsa, Federico"]
[Result "0-1"]
[WhiteElo "2186"]
[BlackElo "2527"]
[PlyCount "72"]
[EventDate "2023.06.13"]
[EventType "swiss (blitz)"]
[EventRounds "11"]
[EventCountry "USA"]
[SourceTitle "EXT 2024"]
[Source "ChessBase"]
[SourceDate "2023.10.10"]
[SourceVersion "1"]
[SourceVersionDate "2023.10.10"]
[SourceQuality "1"]

1. e4 c5 2. c4 Nc6 3. Nc3 g6 4. g3 Bg7 5. Bg2 a6 6. Nge2 b5 7. b3 b4 8. Bb2 bxc3 9. Bxc3 Bxc3 10. dxc3 Rb8 11. f4 Qc7 12. 0-0 d6 13. Qd2 Nf6 14. h3 h5 15. Rae1 Bb7 16. Qe3 Nd7 17. e5 dxe5 18. f5 g5 19. Qxg5 Nf6 20. Qe3 Na5 21. Rd1 Bxg2 22. Kxg2 Nb7 23. Nc1 e4 24. Ne2 Qe5 25. Nf4 Nd6 26. Nd5 Nxf5 27. Rxf5 Qxf5 28. Qxc5 Nxd5 29. Qxd5 Qf3+ 30. Kh2 Qf2+ 31. Kh1 Qxg3 32. Qd7+ Kf8 33. Rg1 Qf3+ 34. Kh2 Rg8 35. Qc7 Qf2+ 36. Kh1 Qxg1# 0-1

[Event "Titled Tuesday intern op 13th Jun Late"]
[Site "Chess.com INT"]
[Date "2023.06.13"]
[Round "8"]
[White "Schnaider, Ilan"]
[Black "Dudzinski, Pawel"]
[Result "1-0"]
[WhiteElo "2224"]
[BlackElo "2186"]
[PlyCount "79"]
[EventDate "2023.06.13"]
[EventType "swiss (blitz)"]
[EventRounds "11"]
[EventCountry "USA"]
[SourceTitle "EXT 2024"]
[Source "ChessBase"]
[SourceDate "2023.10.10"]
[SourceVersion "1"]
[SourceVersionDate "2023.10.10"]
[SourceQuality "1"]

1. e4 c6 2. Nf3 d5 3. Nc3 dxe4 4. Nxe4 Nf6 5. Qe2 Nxe4 6. Qxe4 Qa5 7. Bc4 Bf5 8. Qf4 e6 9. 0-0 Be7 10. Qg3 0-0 11. d4 Bxc2 12. Ne5 Bf6 13. Bf4 Qd8 14. Rac1 Bg6 15. Rfd1 Nd7 16. Ng4 Nb6 17. Bc7 Qd7 18. h4 Kh8 19. Nxf6 gxf6 20. Bf4 Nxc4 21. Rxc4 Rg8 22. Re1 Bh5 23. Qh3 Rg4 24. Be3 Rag8 25. g3 Re4 26. Rc5 f5 27. Kh2 Bf3 28. Rc3 Rgg4 29. Rg1 Qd6 30. Bg5 Kg7 31. Rxf3 h6 32. Bf4 Qxd4 33. Be3 Qd5 34. Rf4 Rexf4 35. gxf4 h5 36. f3 Rg6 37. Rg5 Qxa2 38. Bd4+ Kh7 39. Rxh5+ Kg8 40. Rh8# 1-0

[Event "Titled Tuesday intern op 23rd May Late"]
[Site "Chess.com INT"]
[Date "2023.05.23"]
[Round "7"]
[White "Dudzinski, Pawel"]
[Black "Adewumi, Tanitoluwa"]
[Result "0-1"]
[WhiteElo "2186"]
[BlackElo "2283"]
[PlyCount "112"]
[EventDate "2023.05.23"]
[EventType "swiss (blitz)"]
[EventRounds "11"]
[EventCountry "USA"]
[SourceTitle "EXT 2024"]
[Source "ChessBase"]
[SourceDate "2023.10.10"]
[SourceVersion "1"]
[SourceVersionDate "2023.10.10"]
[SourceQuality "1"]

1. e4 c5 2. c4 Nc6 3. Nc3 g6 4. g3 Bg7 5. Bg2 d6 6. Nge2 Nf6 7. Rb1 0-0 8. a3 Bg4 9. f3 Be6 10. d3 Rb8 11. b4 Nd7 12. b5 Nd4 13. Bb2 Qa5 14. 0-0 a6 15. Nd5 Bxd5 16. exd5 Nf5 17. Bxg7 Kxg7 18. Qc1 Ne5 19. g4 Nh4 20. Rb3 h6 21. h3 Nxg2 22. Kxg2 axb5 23. Rxb5 Qa4 24. f4 Nd7 25. Qc3+ f6 26. Rfb1 Qa6 27. Ng3 Kf7 28. Qb3 b6 29. Ne4 Ra8 30. Ra1 Qa4 31. Qb2 Ra6 32. Rb3 Rfa8 33. Rf1 Qa5 34. g5 hxg5 35. fxg5 f5 36. Ng3 Ne5 37. Qf2 Qa4 38. Nxf5 gxf5 39. Qxf5+ Ke8 40. g6 Qxb3 41. g7 Qc2+ 42. Kh1 Kd8 43. g8Q+ Kc7 44. Qg7 Re8 45. Qe6 Ra7 46. Qeh6 Qxd3 47. Qf4 Qe2 48. Qh2 Qxf1+ 49. Qgg1 Qxg1+ 50. Qxg1 Rxa3 51. Qe3 Rxe3 52. Kg2 Rf3 53. h4 Rg8+ 54. Kh2 Rf4 55. Kh3 Nf3 56. h5 Rh4# 0-1

[Event "Titled Tuesday intern op 23rd May Late"]
[Site "Chess.com INT"]
[Date "2023.05.23"]
[Round "2"]
[White "Florianovitz, Derlei Alex"]
[Black "Dudzinski, Pawel"]
[Result "0-1"]
[WhiteElo "2079"]
[BlackElo "2186"]
[PlyCount "44"]
[EventDate "2023.05.23"]
[EventType "swiss (blitz)"]
[EventRounds "11"]
[EventCountry "USA"]
[SourceTitle "EXT 2024"]
[Source "ChessBase"]
[SourceDate "2023.10.10"]
[SourceVersion "1"]
[SourceVersionDate "2023.10.10"]
[SourceQuality "1"]

1. e4 c6 2. d4 d5 3. exd5 cxd5 4. c4 Nf6 5. Nc3 g6 6. Nf3 Bg7 7. Bf4 0-0 8. c5 Nc6 9. a3 Ne4 10. Rc1 Nxc3 11. Rxc3 Bg4 12. Rd3 Bxf3 13. gxf3 e5 14. dxe5 Nxe5 15. Bxe5 Bxe5 16. Rxd5 Qf6 17. Be2 Bxb2 18. h4 Rad8 19. h5 Rxd5 20. Qxd5 Rd8 21. Qxb7 Bxa3 22. hxg6 Qa1+ 0-1

[Event "Titled Tuesday intern op 23rd May Late"]
[Site "Chess.com INT"]
[Date "2023.05.23"]
[Round "3"]
[White "Prohaszka, Peter"]
[Black "Dudzinski, Pawel"]
[Result "1-0"]
[WhiteElo "2585"]
[BlackElo "2186"]
[PlyCount "65"]
[EventDate "2023.05.23"]
[EventType "swiss (blitz)"]
[EventRounds "11"]
[EventCountry "USA"]
[SourceTitle "EXT 2024"]
[Source "ChessBase"]
[SourceDate "2023.10.10"]
[SourceVersion "1"]
[SourceVersionDate "2023.10.10"]
[SourceQuality "1"]

1. d4 d5 2. Nf3 f5 3. Bf4 c6 4. e3 e6 5. c4 Nf6 6. Nc3 Be7 7. h3 0-0 8. Qc2 Ne4 9. g4 Nd7 10. gxf5 exf5 11. cxd5 cxd5 12. Nxd5 Qa5+ 13. Nc3 Bb4 14. Bc4+ Kh8 15. Rc1 Nb6 16. Bb3 Bd7 17. 0-0 Rac8 18. Ne5 Be8 19. Qe2 Bxc3 20. bxc3 Rxc3 21. Qb2 Bh5 22. f3 Rxc1 23. Rxc1 Nd2 24. Bd1 Ndc4 25. Qe2 Nxe5 26. Bxe5 Nd7 27. Bc7 Qd5 28. Kf2 Rc8 29. Bb3 Qxf3+ 30. Qxf3 Bxf3 31. Kxf3 Nf6 32. Rc2 Rxc7 33. Rxc7 1-0

[Event "Titled Tuesday intern op 09th May Early"]
[Site "Chess.com INT"]
[Date "2023.05.09"]
[Round "1"]
[White "Hayrapetyan, Hovik"]
[Black "Dudzinski, Pawel"]
[Result "1-0"]
[WhiteElo "2442"]
[BlackElo "2186"]
[PlyCount "63"]
[EventDate "2023.05.09"]
[EventType "swiss (blitz)"]
[EventRounds "11"]
[EventCountry "USA"]
[SourceTitle "CBM 214 Extra"]
[Source "ChessBase"]
[SourceDate "2023.07.31"]
[SourceVersion "1"]
[SourceVersionDate "2023.07.31"]
[SourceQuality "1"]

1. d4 d5 2. c4 c6 3. Nf3 e6 4. e3 f5 5. g4 Nf6 6. gxf5 exf5 7. Nc3 Nbd7 8. cxd5 Nxd5 9. Nxd5 cxd5 10. Qb3 Nf6 11. Ne5 a6 12. Bd2 Bd6 13. Bg2 Bxe5 14. dxe5 Ne4 15. Bb4 Be6 16. 0-0-0 Qc7+ 17. Kb1 Qxe5 18. Rhf1 Kf7 19. f3 Nf6 20. Qa3 Qxh2 21. Bh1 Rac8 22. Bc3 Rhd8 23. Ka1 Qd6 24. Qa4 Qc6 25. Qh4 Bd7 26. Bd4 Kg8 27. Rg1 Kh8 28. a3 Rf8 29. Rd2 Be8 30. Rh2 h6 31. Qxh6+ gxh6 32. Rxh6# 1-0

[Event "Titled Tuesday intern op 25th Apr Early"]
[Site "Chess.com INT"]
[Date "2023.04.25"]
[Round "2"]
[White "Deveci, Huseyin Said"]
[Black "Dudzinski, Pawel"]
[Result "0-1"]
[WhiteElo "1965"]
[BlackElo "2186"]
[PlyCount "70"]
[EventDate "2023.04.25"]
[EventType "swiss (blitz)"]
[EventRounds "11"]
[EventCountry "USA"]
[SourceTitle "EXT 2024"]
[Source "ChessBase"]
[SourceDate "2023.10.10"]
[SourceVersion "1"]
[SourceVersionDate "2023.10.10"]
[SourceQuality "1"]

1. e4 c6 2. d4 d5 3. Nd2 dxe4 4. Nxe4 Nf6 5. Nxf6+ exf6 6. c3 Bd6 7. Bd3 0-0 8. Qc2 Re8+ 9. Ne2 h6 10. 0-0 Qc7 11. h3 Be6 12. Be3 Nd7 13. c4 Nf8 14. c5 Be7 15. Bf4 Qd7 16. Rad1 Bd5 17. Nc3 Ne6 18. Be3 Nc7 19. Rfe1 Be6 20. Be4 f5 21. Bf3 Nd5 22. Nxd5 Bxd5 23. Qe2 Bxa2 24. d5 Bxd5 25. Bxd5 cxd5 26. Qf3 Rad8 27. Rd3 Bf6 28. Red1 Qc6 29. Rxd5 Rxd5 30. Rxd5 Bxb2 31. Qxf5 Bf6 32. Rd6 Qe4 33. Qxe4 Rxe4 34. Bxh6 Re1+ 35. Kh2 Be5+ 0-1

[Event "Titled Tuesday intern op 11th Apr Early"]
[Site "Chess.com INT"]
[Date "2023.04.11"]
[Round "4"]
[White "Coelho, Ramyres Santana"]
[Black "Dudzinski, Pawel"]
[Result "1-0"]
[WhiteElo "1981"]
[BlackElo "2186"]
[PlyCount "73"]
[EventDate "2023.04.11"]
[EventType "swiss (blitz)"]
[EventRounds "11"]
[EventCountry "USA"]
[SourceTitle "CBM 213 Extra"]
[Source "ChessBase"]
[SourceDate "2023.05.31"]
[SourceVersion "1"]
[SourceVersionDate "2023.05.31"]
[SourceQuality "1"]

1. e4 c6 2. d4 d5 3. e5 c5 4. c3 Nc6 5. f4 h5 6. Nf3 Bg4 7. Be3 Qb6 8. Qd2 Bxf3 9. gxf3 cxd4 10. Bxd4 Nxd4 11. cxd4 e6 12. Nc3 a6 13. a3 Rc8 14. Bh3 Ne7 15. 0-0 Nc6 16. Nxd5 Qxd4+ 17. Qxd4 Nxd4 18. Nc3 Bc5 19. Kh1 Ke7 20. Ne4 Rhd8 21. b4 Ba7 22. Nd6 Rc7 23. Rad1 Rxd6 24. exd6+ Kxd6 25. f5 e5 26. f4 e4 27. Rfe1 Rc3 28. Bg2 e3 29. Bxb7 Rxa3 30. Be4 e2 31. Rxe2 Kc7 32. Rc1+ Kb8 33. Rb2 Re3 34. Bg2 Nxf5 35. Rbc2 Bb6 36. Rc8+ Ka7 37. Ra8# 1-0

[Event "Titled Tuesday intern op 11th Apr Early"]
[Site "Chess.com INT"]
[Date "2023.04.11"]
[Round "1"]
[White "Durarbayli, Vasif"]
[Black "Dudzinski, Pawel"]
[Result "1-0"]
[WhiteElo "2627"]
[BlackElo "2186"]
[PlyCount "79"]
[EventDate "2023.04.11"]
[EventType "swiss (blitz)"]
[EventRounds "11"]
[EventCountry "USA"]
[SourceTitle "CBM 213 Extra"]
[Source "ChessBase"]
[SourceDate "2023.05.31"]
[SourceVersion "1"]
[SourceVersionDate "2023.05.31"]
[SourceQuality "1"]

1. e4 c6 2. d4 d5 3. exd5 cxd5 4. c4 Nf6 5. Nc3 g6 6. cxd5 Bg7 7. Bc4 0-0 8. Nge2 Nbd7 9. Nf4 Nb6 10. Bb3 Bg4 11. f3 Bf5 12. 0-0 g5 13. Nfe2 h6 14. f4 g4 15. Ng3 Qd7 16. d6 exd6 17. d5 Rfe8 18. a4 a5 19. Ra3 Rac8 20. Nb5 Nc4 21. Bxc4 Rxc4 22. Nxf5 Qxf5 23. Nxd6 Qc2 24. Qxc2 Rxc2 25. Nxe8 Nxe8 26. f5 Bd4+ 27. Be3 Bxb2 28. Rb3 Nd6 29. Rf2 Rxf2 30. Bxf2 Be5 31. Bc5 Nxf5 32. Rxb7 g3 33. hxg3 Bxg3 34. Ra7 Kg7 35. Rxa5 Kf6 36. Rb5 Ke5 37. a5 Kxd5 38. Bf2+ Kc4 39. Rxf5 Bd6 40. a6 1-0